000 01587nam0a2200385 4500
001 RU\NLR\bibl\880274
005 20260407081824.0
021 _aRU
_b2005-49485
_92407
035 _a(NLR Aleph) 000868846
090 _a1586637
_c1586637
100 _a20051128d2005 |||y0rusy50 ca
101 0 _arus
102 _aRU
105 _aa |||||||||
200 1 _aМосква
_eпутеводитель "Афиши"
_fтекст К. Агуновича [и др.]
_gфот. Андраша Фекетэ
205 _a[5-е изд.]
210 _aМосква
_cАфиша индастриз
_d2005
215 _a365 с., [3] л. цв. ил.
_cил.
_d19
311 _aПрил. N 59 к журн. "Афиша. Все развлечения Москвы"
320 _aАлф. указ.: с. 360-364
488 0 _12001#$aАфиша. Все развлечения Москвы$vN 59
_tАфиша. Все развлечения Москвы
607 _aМосква, город
_jПутеводители
_91187077
_3RU\NLR\auth\66160741
610 0 _aМосква - Путеводители
675 _a908(470-25)(036)
_v3
_zrus
686 _a39.23
_2rugasnti
686 _a26.89(2-2Москва)я2
_2rubbk
686 _aД890(2Р-2М)я23
702 1 _aАгунович
_bК.
_gКонстантин
_4220
712 0 2 _4570
_a"Афиша на две недели", журнал
_cМосква
_3RU\NLR\AUTH\8810042407
_9584250
801 0 _aRU
_bRKP
_c20030326
_gPSBO
801 1 _aRU
_bRKP
_c20030326
801 2 _aRU
_bNLR
_c20060125
_grcr
942 _cBOOK
980 _aNB